Normal view
MARC view
Entry Topical Term
001 - CONTROL NUMBER
- control field: 7107
003 - CONTROL NUMBER IDENTIFIER
- control field: ARRUPE
005 - DATE AND TIME OF LATEST TRANSACTION
- control field: 20140127115145.0
008 - FIXED-LENGTH DATA ELEMENTS
- fixed length control field: 140127|| aca||aabn | a|a d
040 ## - CATALOGING SOURCE
- Original cataloging agency: ARRUPE
- Transcribing agency: ARRUPE
150 ## - HEADING--TOPICAL TERM
- Topical term or geographic name as entry element: Christina education
670 ## - SOURCE DATA FOUND
- Source citation: Work cat.: (ARRUPE): Sandsmark, Signe 7106, Is world view neutral education possible and desirable?, 2000